| 000 | 01915nam0a2200325 4500 | ||
|---|---|---|---|
| 001 | RU\NLR\BIBL_A\012167470 | ||
| 005 | 20260607080755.0 | ||
| 010 |
_a978-5-7882-2083-3 _9100 |
||
| 021 |
_aRU _bКН-П-19-087150 _9КН-П-19-6356 |
||
| 035 | _a(NLR Aleph) 012167470 | ||
| 035 | _a(RuMoRGB)010159441 | ||
| 090 |
_a12223444 _c12223444 |
||
| 100 | _a20191218d2017 u y0rusy50 ca | ||
| 101 | 0 |
_arus _aeng |
|
| 102 | _aRU | ||
| 105 | _aa|||j|||000zy | ||
| 200 | 1 |
_aТворческие игры для делового общения _eучебное пособие _e[комплекс творческих задач на английском языке и приемы их решения] _fГ. Р. Хусаинова _gМинистерство образования и науки Российской Федерации, Федеральное государственное бюджетное образовательное учреждение высшего образования "Казанский национальный исследовательский технологический университет" |
|
| 210 |
_aКазань _cИзд-во КНИТУ _d2017 |
||
| 215 |
_a79 с. _cил., табл. _d20 |
||
| 320 | _aБиблиогр.: с. 78 (8 назв.) | ||
| 606 | 1 |
_aАнглийский язык _jУчебные издания для высших учебных заведений _9972309 _3RU\NLR\AUTH\6646032 |
|
| 610 | 0 | _aтворческие игры для делового общения | |
| 610 | 0 | _aинтеллект-карты как средство обучения | |
| 686 | 1 | _aШ143.21-93рус32 | |
| 700 | 1 |
_7ca _8rus _aХусаинова _bГ. Р. _gГузель Рафаэлевна _3RU\NLR\AUTH\770274060 _92711502 |
|
| 942 | _cBOOK | ||
| 980 | _aNBR | ||
| 980 | _aNB | ||